Investigación acerca de la relación entre la agudeza empática de un receptor, y la comunicación de paramensajes de un emisor en situación de concordancia y de no concordancia de los sistemas representacionales más altamente valorados de ambos
Saved in:
| Hovedforfatter: | |
|---|---|
| Format: | Bog |
| Sprog: | spansk |
| Udgivet: |
Valparaíso
Universidad Católica de Valparaíso
1997
|
| Fag: | |
| Tags: |
Tilføj Tag
Ingen Tags, Vær først til at tagge denne postø!
|
MARC
| LEADER | 00000nam a2200000 a 4500 | ||
|---|---|---|---|
| 001 | UCO4469 | ||
| 003 | CL-VaPUC | ||
| 008 | 000804e19970000CL |||||||||||||||||spa|d | ||
| 082 | 0 | 4 | |a 152.41 |b BEN |2 21 |
| 100 | 0 | |a Benítez Zúñiga, Pamela |e author |9 449017 | |
| 245 | 1 | 0 | |a Investigación acerca de la relación entre la agudeza empática de un receptor, y la comunicación de paramensajes de un emisor en situación de concordancia y de no concordancia de los sistemas representacionales más altamente valorados de ambos |
| 300 | |a 36 h | ||
| 942 | |c BK | ||
| 945 | |d 20000804 00:00:00 |a vberengu | ||
| 260 | |a Valparaíso |b Universidad Católica de Valparaíso |c 1997 | ||
| 500 | |a Taller de Estadística; prof. guía: Inés Guerrero Santana | ||
| 650 | 0 | |a Comunicación oral |9 307769 | |
| 650 | 0 | |a Empatía |9 439101 | |
| 650 | 0 | |a Psicolingüística |9 283371 | |
| 583 | |a last modification |c 20130403 01:59:46 |k Rodrigo Vera | ||
| 999 | |c 290510 |d 290508 | ||
| 952 | |0 0 |1 2 |4 0 |6 152_410000000000000_BEN_1997 |7 0 |8 F |9 339999 |a BIBGIM |b BIBGIM |d 2019-11-20 |i 3591662 |o 152.41 BEN 1997 |p 3591662 |r 2019-11-20 |w 2019-11-20 |y BK_F |k EST | ||